LEADER 01455nam0 22004093i 450 001 PUV0446222 005 20251003044313.0 020 $aIT$b1934 10355 020 $aIT$b1934 8661 090 $a111771 090 $a111772 100 $a19990830d1934 ||||0itac50 ba 101 | $aita 102 $ait 181 1$6z01$ai $bxxxe 182 1$6z01$an 200 1 $aˆL'‰ipoteca mineraria$fper Dante Callegari 210 $aPadova$cCEDAM$d1934 215 $a484 p.$d24 cm. 225 | $aStudi di diritto privato italiano e straniero$v10 410 0$1001CFI0012248$12001 $aStudi di diritto privato italiano e straniero$v10 606 $aIpoteche$2FIR$3CFIC066731$9I 606 $aMiniere$xDiritto$2FIR$3SBLC001368$9I 676 $a340$9DIRITTO$v23 696 $aCredito ipotecario 696 $aAspetti giuridici 699 $aIpoteche$zCredito ipotecario 699 $aDiritto$zAspetti giuridici 700 1$aCallegari$b, Dante$3CFIV039451$4070$0226459 801 3$aIT$bIT-000000$c19990830 850 $aIT-BN0095 901 $bNAP 01$cD $n$ 912 $aPUV0446222 950 0$aBiblioteca Centralizzata di Ateneo$d 01D (AR) 5 167$e 01AR 0070051675 VMA A4 1 v.$fY $h20230428$i20230428$lFondo Chiomenti$mEx Libris 977 $a 01 996 $aIpoteca mineraria$9646383 997 $aUNISANNIO